000 00979cam a2200241 4500
001 WS106548
008 000000n 000 0 eng u
035 _a(Sirsi) u106548
110 _aEnglish Heritage
_92714
245 _aEnglish Heritage
520 _aWeb site for this conservation organisation detailing the properties they administer and their conservation work. Includes pages on archaeology, listed buildings, churches and cathedrals, scheduling monuments and conservation areas.
650 _aARCHAEOLOGY
650 _aLISTED BUILDINGS
650 _aSCHEDULED MONUMENTS
650 _aCHURCHES
650 _aCATHEDRALS
650 _aORGANISATION
650 _aBUILT ENVIRONMENT-BUILDING INSPECTION
650 _aCONSERVATION AREAS
690 _aBUILT ENVIRONMENT-BUILDING MAINTENANCE AND REFURBISHMENT-BUILDING CONSERVATION
856 4 0 _uhttps://www.english-heritage.org.uk
_zView the website free of charge at www.english-heritage.org.uk...
942 _n0
999 _c119486
_d119486